000 00885nas a2200313 4500
001 BR9212996
003 BR-BrBNA
005 20231205095206.0
007 ta
008 230509b bl.|||p| |||| 00| 00por d
040 _aBR-BrBNA
_bpor
_cBiblioteca Nacional de Agricultura
041 _a(Pt)
072 _aF01
100 1 _aPereira, C.F.S.
100 1 _aSilveira, D.R. da
100 1 _aFarret, I.S.
100 1 _aSchlosser, J.F.
100 1 _aPozzera, J.
100 1 _aFerreira, O.O.
100 1 _aSantos, P.N.P. dos
245 1 _aEfeito dos sulcadores na emergencia de plantas de soja em semeadura direta
650 _aMaquina Agricola
650 _aSulcador
650 _aSoja
650 _aPlantio Direto
773 0 _tMaquinaria Agricola (Brazil)
_x
_g(Jul 1991), v. 6(3) p. 5-6
_wBR9212996
909 _a202311
_bLúcia
_c55
_dLúcia Elande
942 _2AGRIS
_n0
_cANA
999 _c149202
_d149202